LIBRARY & INFORMATION CENTRE, KCAET, TAVANUR

ONLINE PUBLIC ACCESS CATALOGUE (OPAC)

Runaways / (Record no. 3371)

MARC details
000 -LEADER
fixed length control field 00356cam a2200157ua 4500
041 ## - LANGUAGE CODE
Language code of text/sound track or separate title eng
082 ## - DEWEY DECIMAL CLASSIFICATION NUMBER
Classification number 823.301
Item number KNI/RU
100 ## - MAIN ENTRY--AUTHOR NAME
Personal name Kinght, Isobel .
245 ## - TITLE STATEMENT
Title Runaways /
260 ## - PUBLICATION, DISTRIBUTION, ETC. (IMPRINT)
Place of publication :
Name of publisher Longman ,
Year of publication 1961.
300 ## - PHYSICAL DESCRIPTION
Number of Pages 64 ; .
942 ## - ADDED ENTRY ELEMENTS (KOHA)
Koha item type Books
Holdings
Withdrawn status Lost status Damaged status Home library Current library Date acquired Full call number Accession Number Koha item type
Withdrawn     KAUAET Central Prison Tavanur 13/11/2023 823.301 KNI/RU 9979 Books
Withdrawn     KAUAET Central Prison Tavanur 13/11/2023 823.301 KNI/RU 9980 Books
Withdrawn     KAUAET Sanskrit University 07/04/2012 823.301 9982 Books
Withdrawn     KAUAET Sanskrit University 07/04/2012 823.301 9977 Books
free website counter